Statistics for Movie Characters Quiz #3

Click here to take the quiz!

General Stats

  • This quiz has been taken 49,888 times
    (34,211 since last reset)
  • The average score is 14 of 24

Answer Stats

Character Movie % Correct
Buzz LightyearToy Story
96%
Han SoloStar Wars
95%
Princess FionaShrek
89%
Princess ArielThe Little Mermaid
89%
Tony StarkIron Man
83%
Greg FockerMeet the Parents
81%
Sarah ConnorThe Terminator
79%
Mr. MiyagiThe Karate Kid
76%
Michael CorleoneThe Godfather
75%
Norman BatesPsycho
70%
Clarice StarlingThe Silence of the Lambs
66%
Scarlett O'HaraGone with the Wind
65%
Atticus FinchTo Kill a Mockingbird
61%
Mrs. RobinsonThe Graduate
56%
The DudeThe Big Lebowski
52%
HAL 90002001: A Space Odyssey
50%
Mr. PinkReservoir Dogs
47%
Dr. Richard KimbleThe Fugitive
39%
Martin RiggsLethal Weapon
31%
RorschachWatchmen
31%
MugatuZoolander
29%
Jeff SpicoliFast Times at Ridgemont High
22%
Joseph "Blue" PalaskyOld School
18%
The Hanson BrothersSlap Shot
14%

Score Distribution

Percentile by Number Answered

Percent of People with Each Score

Your Score History

You have not taken this quiz since the last reset